000
00205nam a22000857a 4500
008
170601b xxu||||| |||| 00| 0 eng d
100
_9
3180
_a
Mehta. C
245
_a
Our Neighbours
260
_a
New Delhi
_b
CBT
_c
2004
999
_c
6483
_d
6483